Вып.17; Электрические сети и системы

Bibliographische Detailangaben
Parent link:Электрические сети и системы: республиканский межведомственный научно-технический сборник/ Львовский политехнический институт. Вып. 17.— , 1965-1989
Weitere Verfasser: Денисенко Г. И. Григорий Иванович (редактор)
Sprache:Russisch
Veröffentlicht: 1981
Schlagworte:
Format: Buch
KOHA link:https://koha.lib.tpu.ru/cgi-bin/koha/opac-detail.pl?biblionumber=308073

MARC

LEADER 00000nam2a2200000 4500
001 308073
005 20231102002045.0
020 |a RU  |b 83-61113ж 
035 |a (RuTPU)RU\TPU\book\333382 
035 |a RU\TPU\book\315496 
090 |a 308073 
100 |a 20151028c1981 k y0rusy5003 ca 
101 0 |a rus 
102 |a UA 
105 |a a z 001zy 
200 0 |a Вып.17  |f под ред. Г. И. Денисенко 
210 |d 1981 
215 |a 155 с.  |c ил. 
306 |a Изд. выходит с 1965 г. 
320 |a Библиогр. в конце ст. 
461 1 |0 (RuTPU)RU\TPU\book\243470  |t Электрические сети и системы  |o республиканский межведомственный научно-технический сборник  |f Львовский политехнический институт  |v Вып. 17  |d 1965-1989 
606 1 |a Электроэнергетические системы  |2 stltpush  |3 (RuTPU)RU\TPU\subj\21043  |9 46092 
610 1 |a электрические сети 
610 1 |a электрические системы 
610 1 |a экономическая эффективность 
610 1 |a оценка 
610 1 |a оптимизация 
610 1 |a параметры 
610 1 |a режимы 
610 1 |a цифровые модели 
610 1 |a статические режимы 
610 1 |a каскады 
610 1 |a ГЭС 
610 1 |a линейная изоляция 
675 |a 621.311  |z rus  |v 3 
702 1 |a Денисенко  |b Г. И.  |g Григорий Иванович  |4 340 
801 0 |a RU  |b RuMRKP  |c 19950704  |g psbo 
801 1 |a RU  |b 63413507  |c 20150409 
801 2 |a RU  |b 63413507  |c 20190902  |g RCR 
942 |c BK